=LDR 00000nam 2200000 4500 =001 INLIS000000000033802 =005 20130612135733 =008 ***********************************ind** =035 ##$$0010-061300000033802 =041 ##$$a ind =082 ##$$a 929-4 =090 ##$$a 929.4, Har,k =100 ##$$a Hartati, Diah =245 ##$$a Kumpulan Nama Bayi =260 ##$$a 2009 $b Jakarta =300 ##$$a vi,192 hlm., 20 cm =650 ##$$a Nama =850 ##$$a NBPNMAT